000 00844 a2200205 4500
020 _a0750678488
035 _a(OCoLC)ocm56494137
040 _aDLC
_bDLC
082 0 0 _a005.8
100 1 _aErbschloe, Michael,
245 1 0 _aTrojans, worms, and spyware: a computer security professional's guide to malicious code
_ba computer security professional's guide to malicious code
_cMichael Erbschloe
260 _aAmsterdam ;
_aBoston :
_bElsevier Butterworth Heinemann,
_cc2005.
300 _axix, 212 p. :
_bill. ;
_c23 cm.
650 0 _aComputer security.
650 0 _aComputer viruses.
650 0 _aSpyware (Computer software)
856 4 1 _3Table of contents
_uhttp://www.loc.gov/catdir/toc/els051/2004303305.html
856 4 1 _3Publisher description
_uhttp://www.loc.gov/catdir/description/els051/2004303305.html
942 _cBK
_k005.8 ERB
_2ddc
999 _c6656
_d6656